118_ Personnalités nées un 28 avril par images - Statistiques

Statistiques générales
  • Ce quiz a été pris 39 fois
  • Le résultat moyen est 5 sur 12
Statistiques - réponses
Par images Hint Réponse % Correct
Animateur Sébastien Cauet
84%
Politicien Louis Sarkozy
76%
Politicienne Rima Hassan
71%
Boxeur Tony Yoka
63%
Actrice Penélope Cruz
61%
Dirigeant Politique Saddam Hussein
61%
Chanteur Jacques Dutronc
55%
Magicien Gérard Majax
26%
Dirigeant Politique António de Oliveira Salazar
8%
Chanteuse Melanie Martinez
5%
Politicien Maurice Thorez
0%
Homme d'affaires Oskar Schindler
0%
Aucun quiz correspondant
Distribution des résultats
% des personnes avec chaque résultat
Percentile par nombre de réponses
Votre historique - résultats
Vous n’avez pas pris ce quiz